000 00268nam a22001217a 4500
008 170620b xxu||||| |||| 00| 0 eng d
041 _aeng
080 _a32
100 _a20
101 _aSHP
245 _aPOLITICS OF LATIN AMERICA
_cVANDEN.H.E
942 _2udc
_cBK
999 _c18337
_d18337